TEACHING literature to adolescents : audiences, fandom and influencers

Salvato in:
Dettagli Bibliografici
Natura: Libro
Lingua:inglese
Pubblicazione: Routledge 2021
Tags: Aggiungi Tag
Nessun Tag, puoi essere il primo ad aggiungerne!!

MARC

LEADER 00000nam a22000007a 4500
008 240528b |||||||| |||| 00| 0 eng d
020 |a 9780367366209 
245 |a TEACHING literature to adolescents  |b : audiences, fandom and influencers  |c Amber L. Hutchins and Natalie T.J. Tindall  |g xii,312p.; ill 
250 |c Beach Richard 
260 |b Routledge  |c 2021  |h New York  |i 702153  |i 702154  |l PN70.T22  |m Literature- study and teaching (secondary)- United States 
500 |a It includes references and index 
942 |a lcc  |c BK  |e Adeyemo O.O  |f 28/05/2024 
952 |0 0  |1 0  |2 lcc  |4 0  |6 PN0070 T22  |7 0  |9 5183  |a ART  |b HOL  |c LP  |d 2024-05-28  |l 0  |o PN70.T22  |p 2024-0429  |r 2024-05-28 00:00:00  |t 702153  |w 2024-05-28  |y BK 
952 |0 0  |1 0  |2 lcc  |4 0  |6 PN0070 T22  |7 0  |9 5186  |a HOL  |b HOL  |c LP  |d 2024-05-28  |l 0  |o PN70.T22  |p 2024-0432  |r 2024-05-28 00:00:00  |t 702154  |w 2024-05-28  |y BK 
999 |c 2574  |d 2574